• 首页
  • 本馆介绍
  • 公告通知
  • 最新文献
  • 馆藏检索
  • 电子资源
  • 读者导购
  • 参考咨询
  • 我的图书馆
  • 登录
  • 详细信息显示
  • 放入我的书架
  • 预约/预借图书
  • 作者相关作品
  • 分类相关作品
  • 丛书相关作品
  • 出版社相关作品

书目信息

  • 表格格式
  • 工作单格式
  • 卡片格式
题名:
从传统伦理向现代伦理的转化与跨越
    
 
作者: 朱春晖 著
分册:  
出版信息: 北京   当代中国出版社  2007
页数: 221页
开本: 23cm
丛书名:
单 册:
中图分类: D693.0 , B82 , B82-092
科图分类:
主题词: 伦理学 , 伦理学
电子资源:
ISBN: 978-7-80170-571-6
000 01202nam0 2200313 450
001 0961091019
005 20090929165928.70
010    @a978-7-80170-571-6@dCNY30.00
100    @a20070402d2007 em y0chiy50 ea
101 0  @achi
102    @aCN@b110000
105    @ay z 000yy
106    @ar
200 1  @a从传统伦理向现代伦理的转化与跨越@Acong chuan tong lun li xiang xian dai lun li de zhuan hua yu kua yue@b专著@e孙中山伦理思想研究@f朱春晖著
210    @a北京@c当代中国出版社@d2007
215    @a221页@d23cm
300    @a本书由湖南科技大学学术出版基金资助
330    @a本书以19世纪末20世纪初国内、国际的政治、经济、文化状况及社会思潮为背景,从现代性、现代化的视角研究孙中山伦理思想的渊源,界定孙中山伦理思想的学术地位,探讨孙中山在从传统伦理向现代伦理转化过程中取得的成绩及其存在的不足。
517 1  @a孙中山伦理思想研究@Asun zhong shan lun li si xiang yan jiu
600  0 @a孙中山@f(1866-1925)
600  0 @a孙中山@f(1866-1925)@x伦理学@x思想评论
606 0  @a伦理学
606 0  @a伦理学
690    @aD693.0@v4
690    @aB82@v4
690    @aB82-092@v4
701  0 @a朱春晖@Azhu chun hui@4著
801  0 @aCN@bHBT@c20070723
905    @a10447@dB82-092@eJY184
    
    从传统伦理向现代伦理的转化与跨越:孙中山伦理思想研究/朱春晖著 .-北京:当代中国出版社,2007
    221页;23cm
    本书由湖南科技大学学术出版基金资助
    
    ISBN 978-7-80170-571-6:CNY30.00
    本书以19世纪末20世纪初国内、国际的政治、经济、文化状况及社会思潮为背景,从现代性、现代化的视角研究孙中山伦理思想的渊源,界定孙中山伦理思想的学术地位,探讨孙中山在从传统伦理向现代伦理转化过程中取得的成绩及其存在的不足。
●
相关链接 在E读中查询图书 在五车中查询图书 在当当中查询图书 在豆瓣中查询图书


正题名:从传统伦理向现代伦理的转化与跨越     索取号:B82-092/JY184         预约/预借

序号 登录号 条形码 馆藏地/架位号 状态 备注
1 7829686   278296862   学院路分馆/ [索取号:B82-092/JY184] 在馆    
2 7829687   278296871   学院路分馆/ [索取号:B82-092/JY184] 在馆    
唐山师范学院图书馆 欢迎您!
大连网信软件有限公司© 版权所有